| 000 | 00517nam a2200181Ia 4500 | ||
|---|---|---|---|
| 005 | 20250317123307.0 | ||
| 008 | 008 250317s9999 xx 000 0 eng d | ||
| 037 | _aTextbook | ||
| 040 |
_aFMSL _beng _cFMSL |
||
| 041 |
_aeng _2eng |
||
| 084 |
_aD658(B)obX:8 L1 _qFMSL |
||
| 100 |
_aBrink V Z _9735570 |
||
| 245 | 0 | _aComputers and management | |
| 260 |
_aNew Delhi _bNew Delhi, Prentice-Hall _c1971 |
||
| 300 | _a172p | ||
| 942 |
_cTB _hD658(B)obX:8 L1 |
||
| 999 |
_c1250683 _d1250683 |
||